Mejor calero jugando fortnite - Estadísticas

Estadísticas generales
  • Esta prueba ha sido intentada 38 veces
  • La puntuación promedio es 2 de 6
Estadísticas de respuestas
Hint Respuesta % Correcto
1 Pablo
100%
2 Vicent
32%
6 Lucia
29%
3 Marc
29%
5 Alba
23%
4 Daniela
19%
No se encontraron pruebas coincidentes
Distribución de puntuación
Porcentaje de gente con cada puntuación
Porcentaje por número respondido
Historial de tus puntuaciones
No has intentado esta prueba.